Anatomy of a merger : A history of GEC, AEI and English electric

में बचाया:
ग्रंथसूची विवरण
मुख्य लेखक: Jones, Robert
स्वरूप: पुस्तक
भाषा:Undetermined
प्रकाशित: London Pan Books, Ltd 1970
विषय:
टैग : टैग जोड़ें
कोई टैग नहीं, इस रिकॉर्ड को टैग करने वाले पहले व्यक्ति बनें!
Thư viện lưu trữ: Trung tâm Học liệu Trường Đại học Cần Thơ
LEADER 00544nam a2200205Ia 4500
001 CTU_86189
008 210402s9999 xx 000 0 und d
082 |a 338.8 
082 |b J78 
100 |a Jones, Robert 
245 0 |a Anatomy of a merger : 
245 2 |b A history of GEC, AEI and English electric 
245 0 |c Robert Jones 
260 |a London 
260 |b Pan Books, Ltd 
260 |c 1970 
650 |a General electric company 
650 |x History 
904 |i Năm 
980 |a Trung tâm Học liệu Trường Đại học Cần Thơ